Sankcie pri uplatňovaní mechanizmu DPH - nesplnenie registračnej povinnosti, nepodanie daňového priznania DPH, kontrolného výkazu DPH
Zákon o správe daní a poplatkoch ukladá daňovému subjektu povinnosti, ktoré je potrebné splniť v zákonnej lehote. Sankčný postih za nesplnenie daňových povinností, je odlíšený charakterom povinností, ktoré daňový subjekt nesplnil.
Gespeichert in:
| 1. Verfasser: | |
|---|---|
| Format: | Buchkapitel |
| Sprache: | Slowakisch |
| Schlagworte: | |
| Tags: |
Keine Tags, Fügen Sie das erste Tag hinzu!
|
MARC
| LEADER | 00000naa a2200000 4500 | ||
|---|---|---|---|
| 001 | 0197161 | ||
| 005 | 20240502073328.5 | ||
| 041 | 0 | |a slo | |
| 044 | |a SK | ||
| 245 | 1 | 0 | |a Sankcie pri uplatňovaní mechanizmu DPH - nesplnenie registračnej povinnosti, nepodanie daňového priznania DPH, kontrolného výkazu DPH |c Juraj Válek |
| 520 | |a Zákon o správe daní a poplatkoch ukladá daňovému subjektu povinnosti, ktoré je potrebné splniť v zákonnej lehote. Sankčný postih za nesplnenie daňových povinností, je odlíšený charakterom povinností, ktoré daňový subjekt nesplnil. | ||
| 610 | 2 | 0 | |a dane z hodnoty pridanej |
| 610 | 2 | 0 | |a daňovníci |
| 610 | 2 | 0 | |a obdobie zdaňovacie |
| 610 | 2 | 0 | |a priznania daňové |
| 610 | 2 | 0 | |a povinnosť daňová |
| 610 | 2 | 0 | |a úrady daňové |
| 610 | 2 | 0 | |a sankcie |
| 100 | 1 | |a Válek, Juraj, 1981- | |